000 00299nam a22000977a 4500
999 _c11158
_d11158
008 180927b ||||| |||| 00| 0 eng d
020 _a9788177395525
100 _aAggarwal. M L
_93834
245 _aNew Learning Mathematics CBSE syllabus
_bClass IX
260 _aNew Delhi
_bAvichal Publishing Company
_c2018